Centros europeos de productividad: origen, estructuras y servicios. /

Guardado en:
Autor Corporativo: Consejo nacional de investigaciones científicas y técnicas
Formato: Libro
Idioma:Spanish
Publicado: Buenos Aires, s.f.
Etiquetas: Agregar Etiqueta
Sin Etiquetas, Sea el primero en etiquetar este registro!
LEADER 00540nam a22001455a 4500
001 EUN.um012921
003 AR-BaUNS
005 20050623122855.0
008 041125ss.f.####ag############000#0#spa#d
245 1 0 |a Centros europeos de productividad: origen, estructuras y servicios. /  |c Consejo nacional de investigaciones científicas y técnicas. 
260 |a Buenos Aires,  |c s.f. 
300 |a 43 p. 
082 0 4 |a 338 
110 2 |a Consejo nacional de investigaciones científicas y técnicas  |c Argentina. 
859 |a Ar-BaUNS  |b BIB. CENTRAL - Sector C  |h 338  |i Ar37  |p 168/957